The Rolling Stones Songs - Sudden Death - Statistics

General Stats
  • This quiz has been taken 157 times
  • The average score is 15 of 20
Answers on the Grid
Answers color-coded by a green-red scale on the quiz's grid according to % correct below.
About A Girl
Angie
Another One Bites The Dust
Beast Of Burden
Brighton Rock
Brown Sugar
Can't You Hear Me Knocking
Changes
Children Of The Grave
Gimme Shelter
Honky Tonk Women
(I Can't Get No) Satisfaction
Jumpin' Jack Flash
Kickstart My Heart
Knockin' On Heaven's Door
Let's Spend The Night Together
Light My Fire
Miss You
N.I.B.
Paint It, Black
Ruby Tuesday
Save Me
Seven Seas of Rhye
She's A Rainbow
Smoke On The Water
Start Me Up
Sweet Virginia
Sympathy For The Devil
Under My Thumb
Waiting On A Friend
Wild Horses
Would?
You Can't Always Get What You Want
 
Answer Stats
Answer % Correct
Brown Sugar
91%
(I Can't Get No) Satisfaction
91%
Angie
89%
Paint It, Black
89%
Gimme Shelter
87%
Sympathy For The Devil
86%
You Can't Always Get What You Want
86%
Beast Of Burden
81%
Honky Tonk Women
79%
Start Me Up
79%
Wild Horses
79%
Jumpin' Jack Flash
77%
Ruby Tuesday
77%
Under My Thumb
76%
Miss You
70%
She's A Rainbow
66%
Let's Spend The Night Together
65%
Can't You Hear Me Knocking
62%
Waiting On A Friend
52%
Sweet Virginia
45%
No matching quizzes found
Score Distribution
Percent of People with Each Score
Percentile by Number Answered
Your Score History
You have not taken this quiz